<?xml version="1.0" encoding="UTF-8"?>
<record
    xmlns:xsi="http://www.w3.org/2001/XMLSchema-instance"
    xsi:schemaLocation="http://www.loc.gov/MARC21/slim http://www.loc.gov/standards/marcxml/schema/MARC21slim.xsd"
    xmlns="http://www.loc.gov/MARC21/slim">

  <leader>03095nac a22002771u 4500</leader>
  <datafield tag="010" ind1=" " ind2=" ">
    <subfield code="a">  2002391657</subfield>
  </datafield>
  <datafield tag="020" ind1=" " ind2=" ">
    <subfield code="a">0761974121 (HBK.)</subfield>
  </datafield>
  <datafield tag="020" ind1=" " ind2=" ">
    <subfield code="a">076197413X</subfield>
  </datafield>
  <datafield tag="035" ind1=" " ind2=" ">
    <subfield code="a">(OCoLC)ocm47900796</subfield>
  </datafield>
  <datafield tag="082" ind1=" " ind2=" ">
    <subfield code="a">658.4012 21</subfield>
    <subfield code="b">M4782</subfield>
  </datafield>
  <datafield tag="090" ind1=" " ind2=" ">
    <subfield code="c">4138</subfield>
    <subfield code="d">4138</subfield>
  </datafield>
  <datafield tag="100" ind1=" " ind2=" ">
    <subfield code="a">Mazzucato, Mariana [ed       </subfield>
  </datafield>
  <datafield tag="245" ind1="0" ind2="0">
    <subfield code="a">Strategy for business :</subfield>
    <subfield code="b">a reader /</subfield>
    <subfield code="c">edited by Mariana Mazzucato.</subfield>
  </datafield>
  <datafield tag="260" ind1=" " ind2=" ">
    <subfield code="a">London ;</subfield>
    <subfield code="a">Thousand Oaks, Calif. :</subfield>
    <subfield code="b">Sage in association with the Open University,</subfield>
    <subfield code="c">2002.</subfield>
  </datafield>
  <datafield tag="300" ind1=" " ind2=" ">
    <subfield code="a">xi, 378 p. :</subfield>
    <subfield code="b">ill. ;</subfield>
    <subfield code="c">25 cm.</subfield>
  </datafield>
  <datafield tag="504" ind1=" " ind2=" ">
    <subfield code="a">Includes bibliographical references and index.</subfield>
  </datafield>
  <datafield tag="505" ind1="8" ind2=" ">
    <subfield code="a">Machine generated contents note: SECTION 1 Different Views of Strategy -- CHAPTER 1 -- What is Strategy? -- Michael E. Porter -- CHAPTER 2 -- Theories of Strategy -- Richard Whittington -- CHAPTER 3 -- Of Strategies, Deliberate and Emergent -- Henry Mintzberg andJames A. Waters -- SECTION 2 Industry Effects -- CHAPTER 4 -- Analyzing the Industry Environment -- Robert M. Grant -- CHAPTER 5 -- Industry Evolution -- Robert M. Grant -- CHAPTER 6 -- The Firm Matters More than the Industry -- Charles Baden-Fuller andJohn Stopford -- SECTION 3 Firm Effects: Resources, Capabilities and Core Competencies -- CHAPTER 7 -- The Firm as an Administrative Organization -- Edith T. Penrose -- CHAPTER 8 -- Looking Inside for Competitive Advantage -- Jay B. Barney -- CHAPTER 9 -- Dynamic Capabilities and Strategic Management -- David J. Teece, Gary Pisano and Amy Shuen -- SECTION 4 Strategic Innovation and Firm Size -- CHAPTER 10 -- Limits of the Learning Curve -- William J. Abernathy and Kenneth Wayne -- CHAPTER 1 -- Architectural Innovation: the Reconfiguration of Existing Product Technologies and the Failure of Established Firms -- Rebecca M. Henderson and Kim B. Clark -- CHAPTER 12 -- Strategic Innovation in Established Companies -- Constantinos Markides -- SECTION 5 Organizational Structure, Learning and Knowledge Management -- CHAPTER 13 -- The Dynamics of Industrial Capitalism: Perspectives on Alfred Chandler's Scale and Scope -- David. Teece -- CHAPTER 14 -- Absorptive Capacity: a New Perspective on Learning and Innovation -- Wesley M. Cohen and Daniel A. Levinthal -- CHAPTER 15 -- Strategic Thinking and Knowledge Management -- Ysanne Carlisle -- SECTION 6 Changing Contexts: the Global Information -- Economy -- CHAPTER 16 -- Global Strategy: an Organizing Framework -- Sumantra Ghoshal -- CHAPTER 17 -- Increasing Returns and the New World of Business -- W. Brian Arthur -- CHAPTER 18 -- Global Strategy in the Twenty-first Century -- George S. Yip -- Index.</subfield>
  </datafield>
  <datafield tag="650" ind1=" " ind2="0">
    <subfield code="a">Strategic planning.</subfield>
  </datafield>
  <datafield tag="650" ind1=" " ind2="0">
    <subfield code="a">Business planning.</subfield>
  </datafield>
  <datafield tag="700" ind1="1" ind2=" ">
    <subfield code="a">Mazzucato, Mariana,</subfield>
    <subfield code="d">1968-</subfield>
  </datafield>
  <datafield tag="710" ind1="2" ind2=" ">
    <subfield code="a">Open University.</subfield>
  </datafield>
  <datafield tag="856" ind1="4" ind2="1">
    <subfield code="3">Table of contents only</subfield>
    <subfield code="u">http://www.loc.gov/catdir/toc/fy032/2002391657.html</subfield>
  </datafield>
  <datafield tag="856" ind1="4" ind2="1">
    <subfield code="3">Publisher description</subfield>
    <subfield code="u">http://www.loc.gov/catdir/enhancements/fy0657/2002391657-d.html</subfield>
  </datafield>
  <datafield tag="942" ind1=" " ind2=" ">
    <subfield code="c">BB</subfield>
    <subfield code="k">658.4012 2 M4782</subfield>
  </datafield>
  <datafield tag="999" ind1=" " ind2=" ">
    <subfield code="c">4138</subfield>
    <subfield code="d">4138</subfield>
  </datafield>
  <datafield tag="952" ind1=" " ind2=" ">
    <subfield code="0">0</subfield>
    <subfield code="1">0</subfield>
    <subfield code="4">0</subfield>
    <subfield code="7">0</subfield>
    <subfield code="a">MAIN</subfield>
    <subfield code="b">MAIN</subfield>
    <subfield code="c">1ST</subfield>
    <subfield code="d">2007-08-22</subfield>
    <subfield code="e">Purchase</subfield>
    <subfield code="l">0</subfield>
    <subfield code="o">658.40122 MAZ</subfield>
    <subfield code="p">000000249</subfield>
    <subfield code="r">2025-07-15 00:00:00</subfield>
    <subfield code="y">BB</subfield>
  </datafield>
</record>
